|
|
|
|
| LEADER |
00000nam a2200000 a 4500 |
| 001 |
vtls009934266 |
| 003 |
SK-MaSNL |
| 005 |
20260301171932.0 |
| 008 |
240513s2009 xo d p 000 0 slo |
| 015 |
|
|
|a SNBA2009/08-04481
|
| 020 |
|
|
|a 9788096983728
|q (brož.)
|
| 035 |
|
|
|a 392703BE-E8C9-4A3F-8586-29CB4D334E1E
|
| 035 |
|
|
|a urn:nbn:sk:snk-amjwd9
|
| 035 |
|
|
|a urn:nbn:sk:snk-am0086lp
|
| 040 |
|
|
|a SNK
|b slo
|c SNK
|e AACR2
|
| 041 |
0 |
|
|a slo
|
| 044 |
|
|
|a xo
|c SK
|
| 072 |
|
7 |
|a 321
|x Politológia
|2 konspekt
|
| 080 |
|
|
|a 321
|2 2001
|
| 080 |
|
|
|a (07)
|2 2001
|
| 100 |
1 |
|
|a Mazůrek, Jaroslav,
|d 1959-
|4 aut
|9 234556
|
| 245 |
1 |
0 |
|a Vybrané kapitoly z politológie so zameraním na manažment
|c Jaroslav Mazůrek
|
| 250 |
|
|
|a 1. vyd.
|
| 260 |
|
|
|a Ružomberok
|b Katolícka univerzita
|c 2009
|
| 300 |
|
|
|a 133 s.
|c 29 cm
|
| 366 |
|
|
|e 500 výtl.
|
| 490 |
1 |
|
|a Vysokoškolské učebné texty
|
| 504 |
|
|
|a Bibliografia na s. 131
|
| 650 |
0 |
7 |
|a politológia
|2 SNKPH
|9 4684
|
| 650 |
0 |
7 |
|a Political science
|2 SNKPHeng
|9 265833
|
| 655 |
|
7 |
|a učebnice vysokých škôl
|2 SNKPH
|9 70191
|
| 655 |
|
7 |
|a učebné texty
|2 SNKPH
|9 70568
|
| 655 |
|
7 |
|a Educational texts
|2 SNKPHeng
|9 277375
|
| 830 |
|
0 |
|a Vysokoškolské učebné texty
|9 276539
|
| 852 |
|
|
|a Slovenská národná knižnica
|
| 919 |
|
|
|a 978-80-969837-2-8
|
| 954 |
|
|
|a odborná, vedecká literatúra pôvodná (slovenská)
|2 lita
|
| 958 |
|
|
|a NB
|
| 999 |
|
|
|c 831920
|d 833850
|
| 952 |
|
|
|a SNK
|b SNK
|y PREZ
|7 0
|p 17A0627297
|o snkSB 78070
|i snk2009/13713
|8 0
|0 0
|1 0
|4 0
|d 2009-07-29
|f 1
|l 0
|r 2025-04-28 00:00:00
|w 2026-02-24
|
| 952 |
|
|
|a SNK
|b SNK
|y VYP
|7 0
|p 17A0627298
|o snkSB 78070 D1
|i snk2009/13714
|8 0
|z Digitalizovaný
|0 0
|1 0
|4 0
|d 2009-07-29
|l 0
|r 2016-06-30 00:00:00
|w 2026-02-24
|